000
00208nam a22000857a 4500
008
170617b xxu||||| |||| 00| 0 eng d
100
_9
3477
_a
Bhattacharya. B
245
_a
Gandhi
260
_a
New Delhi
_b
N. B. T
_c
2002
999
_c
6851
_d
6851